000 00621nam a22001817a 4500
005 20250612145610.0
010 _aENG-145325
020 _a9788175102651
_c650.00
035 _aEN-128857
037 _bDBAD
082 _a331.1204240954
_21
100 _aLaha, Sidhartha Sankar
_981950
245 _aEMPLOYMENT GUARANTEE AND RURAL POOR:
_cSidhartha Sankar Laha
_bReflections from West Bengal /
260 _aNew Delhi
_bReliance Publishing House
_c2021
270 _aWZ 526, Nangal Rana, New Delhi-110046
_bNew Delhi
_e110046
300 _axv, 207p.
_c24cm(hb)
942 _2ddc
_cEN
_h331.1204240954
_mLAH
999 _c211765
_d211765